[Event "DEM U10/U10w 2014"]
[Site "Magdeburg GER"]
[Date "2014.06.09"]
[Round "3"]
[White "Schmidtmann, Samantha"]
[Black "Grund, Sebastian"]
[Result "1/2-1/2"]
[Termination "normal"]
[Board "20"]
[WhiteElo "1403"]
[BlackElo "1424"]
[PlyCount "89"]
[WhiteFideId "12956759"]
[BlackFideId "12988626"]
[EventCountry "GER"]
[EventRounds "11"]
[EventType "swiss"]
[EventDate "2014.06.07"]

1. e4 c5 2. Nf3 e6 3. d4 cxd4 4. Nxd4 a6 5. Nc3 Qc7 6. Bd3 Nf6 7. f4 Bb4 8. Bd2
b5 9. e5 Bxc3 10. Bxc3 Nd5 11. Bd2 Bb7 12. Qe2 Nc6 13. Nxc6 Qxc6 14. Be4 Qc5
15. c3 Rc8 16. Qd3 Qc6 17. Bxh7 Nb6 18. Rg1 Nc4 19. O-O-O Qd5 20. h3 Bc6 21.
Qxd5 Bxd5 22. Bc2 b4 23. Kb1 Nxd2+ 24. Rxd2 bxc3 25. Rd3 cxb2 26. Kxb2 Bxa2 27.
Ra3 Bc4 28. Ka1 Bb5 29. Ba4 Bxa4 30. Rxa4 Rc6 31. Rb1 Ke7 32. Rb2 Rhc8 33. Rba2
Rb6 34. Rb2 Rcb8 35. Rxb6 Rxb6 36. Ra3 d6 37. exd6+ Kxd6 38. Rg3 Rb4 39. Rg4 g5
40. Rxg5 Rxf4 41. g4 Ra4+ 42. Kb2 Ke7 43. h4 Kf6 44. Rg8 Ra5 45. Kc3 1/2-1/2

[Event "DEM U10/U10w 2014"]
[Site "Magdeburg GER"]
[Date "2014.06.09"]
[Round "3"]
[White "Weihrauch, Jakob"]
[Black "Hassemeier, Mika"]
[Result "1-0"]
[Termination "normal"]
[Board "22"]
[WhiteElo "1220"]
[BlackElo "1409"]
[PlyCount "105"]
[WhiteFideId "16210115"]
[BlackFideId "12994880"]
[EventCountry "GER"]
[EventRounds "11"]
[EventType "swiss"]
[EventDate "2014.06.07"]

1. e4 c5 2. Nf3 e6 3. d4 cxd4 4. Nxd4 a6 5. c4 d6 6. Nc3 Nf6 7. Bd3 Nbd7 8. Qa4
Be7 9. b3 O-O 10. Ba3 Nc5 11. Bxc5 dxc5 12. Nde2 Bd7 13. Qa3 b5 14. Qc1 b4 15.
Nd1 Bc6 16. Qc2 Ng4 17. f3 Ne5 18. Nf2 Nxd3+ 19. Qxd3 Qxd3 20. Nxd3 Rfd8 21.
Rd1 a5 22. Ne5 Rxd1+ 23. Kxd1 Be8 24. Kc2 a4 25. Nd3 axb3+ 26. axb3 Ra2+ 27.
Nb2 Bf6 28. Rb1 Bc6 29. Nc1 Ra5 30. Ncd3 Bd4 31. Rd1 Bf6 32. Ne5 Be8 33. Ned3
Be7 34. Ne5 h6 35. Nd7 Bxd7 36. Rxd7 Kf8 37. Na4 Ke8 38. Rd2 Bg5 39. Rd1 Be3
40. Ra1 Bd4 41. Ra2 Ke7 42. Nc3 Rxa2+ 43. Nxa2 Bg1 44. h3 Kf6 45. Nc1 Be3 46.
Nd3 Kg5 47. g3 Kh5 48. Kd1 g5 49. Ke2 Bd4 50. Kf1 f5 51. e5 g4 52. Nf4+ Kg5 53.
h4# 1-0

[Event "DEM U10/U10w 2014"]
[Site "Magdeburg GER"]
[Date "2014.06.09"]
[Round "3"]
[White "Mailitis, Ricardo"]
[Black "Pauls, Fynn"]
[Result "0-1"]
[Termination "normal"]
[Board "23"]
[WhiteElo "1205"]
[BlackElo "1382"]
[PlyCount "104"]
[WhiteFideId "12977535"]
[BlackFideId "16213149"]
[EventCountry "GER"]
[EventRounds "11"]
[EventType "swiss"]
[EventDate "2014.06.07"]

1. e4 e5 2. f4 d6 3. Nf3 f6 4. Bc4 Nc6 5. O-O Bg4 6. c3 Nge7 7. Qb3 b6 8. Bf7+
Kd7 9. h3 Na5 10. Qa4+ c6 11. hxg4 exf4 12. d4 g5 13. b4 Nb7 14. b5 c5 15. dxc5
Nxc5 16. Qd4 Ng6 17. Rd1 Kc7 18. Ba3 Be7 19. Qd5 Qd7 20. Qc6+ Qxc6 21. bxc6 Ne5
22. Nxe5 fxe5 23. Bxc5 bxc5 24. Bd5 Rab8 25. Nd2 Rb2 26. Rab1 Rhb8 27. Bb3 Rxb1
28. Rxb1 Kxc6 29. Bd5+ Kc7 30. Rxb8 Kxb8 31. Kf2 Bd8 32. Nc4 Kc7 33. g3 Kd7 34.
gxf4 gxf4 35. g5 Bxg5 36. Bf7 Bh4+ 37. Kf3 Be1 38. Bh5 Bxc3 39. Bg4+ Kc6 40. a4
d5 41. Na3 a6 42. Ke2 dxe4 43. Bf5 Kd5 44. Bxh7 f3+ 45. Kf1 e3 46. Bd3 e2+ 47.
Bxe2 fxe2+ 48. Kxe2 Bb4 49. Nc2 Kc4 50. Na1 Bc3 51. Nc2 Kb3 52. Kd3 c4+ 0-1

[Event "DEM U10/U10w 2014"]
[Site "Magdeburg GER"]
[Date "2014.06.09"]
[Round "3"]
[White "Yi, Danny"]
[Black "Kunisch, Nina"]
[Result "1-0"]
[Termination "normal"]
[Board "24"]
[WhiteElo "1369"]
[BlackElo "1201"]
[PlyCount "127"]
[WhiteFideId "12988588"]
[BlackFideId "12982849"]
[EventCountry "GER"]
[EventRounds "11"]
[EventType "swiss"]
[EventDate "2014.06.07"]

1. e4 c6 2. d4 d5 3. exd5 cxd5 4. Nf3 Nc6 5. Bb5 Nf6 6. Ne5 Bd7 7. Nxc6 Bxc6 8.
Bxc6+ bxc6 9. Bf4 Qa5+ 10. Nd2 Qb4 11. O-O Qxd4 12. Bg3 Qxb2 13. Qb1 Qxb1 14.
Raxb1 e6 15. Rb7 g6 16. Rfb1 Bg7 17. Bd6 Bh6 18. Rb8+ Kd7 19. Rxh8 Rxh8 20. Be5
Bxd2 21. Rb7+ Kd8 22. Rb8+ Ke7 23. Rxh8 h5 24. Ra8 Ng4 25. Rxa7+ Ke8 26. Bd6 e5
27. Re7+ Kd8 28. Rxf7 Nh6 29. Rf8+ Kd7 30. Bxe5 Bb4 31. Rb8 Bc5 32. h3 g5 33.
a4 Ke6 34. Bc3 d4 35. Bd2 Nf7 36. a5 g4 37. hxg4 hxg4 38. g3 Ne5 39. Re8+ Kd6
40. Bf4 Kd5 41. Rxe5+ Kc4 42. a6 Ba7 43. Re7 Bb6 44. Bd2 c5 45. a7 Bxa7 46.
Rxa7 d3 47. cxd3+ Kxd3 48. Rd7+ Ke2 49. Rd5 c4 50. Rd4 c3 51. Bxc3 Kf3 52. Rd5
Ke4 53. Rd6 Kf3 54. Kf1 Ke4 55. Ke2 Kf5 56. Ke3 Kg5 57. Rd5+ Kg6 58. Kf4 Kh6
59. Rg5 Kh7 60. Kf5 Kh6 61. Kf6 Kh7 62. Kf7 Kh6 63. Bd2 Kh7 64. Rh5# 1-0

[Event "DEM U10/U10w 2014"]
[Site "Magdeburg GER"]
[Date "2014.06.09"]
[Round "3"]
[White "Glinzner, Alva"]
[Black "Marschall, Tillmann"]
[Result "0-1"]
[Termination "normal"]
[Board "25"]
[WhiteElo "1194"]
[BlackElo "1423"]
[PlyCount "88"]
[WhiteFideId "16206169"]
[BlackFideId "12973220"]
[EventCountry "GER"]
[EventRounds "11"]
[EventType "swiss"]
[EventDate "2014.06.07"]

1. e4 c6 2. d4 d5 3. exd5 cxd5 4. c4 Nf6 5. Nc3 Bf5 6. Bd3 Bxd3 7. Qxd3 Nc6 8.
Bg5 dxc4 9. Qxc4 Qxd4 10. Qxd4 Nxd4 11. O-O-O Nc6 12. Kb1 Rd8 13. Rxd8+ Kxd8
14. Nf3 Nd7 15. Rd1 f6 16. Be3 e6 17. Nd4 Nxd4 18. Bxd4 a6 19. f4 Kc7 20. Re1
Kd6 21. Bf2 Ke7 22. f5 e5 23. g4 Kf7 24. h4 Bc5 25. Bg3 Rd8 26. Ne4 Bd4 27.
Nd6+ Ke7 28. Nxb7 Rb8 29. Na5 Rxb2+ 30. Kc1 Nc5 31. Nc6+ Kd7 32. Nxd4 Nd3+ 33.
Kd1 Nxe1 34. Kxe1 exd4 35. Bf4 Rxa2 36. g5 Ke7 37. h5 fxg5 38. Bxg5+ Kf7 39.
Bh4 Ra5 40. Kd2 Rxf5 41. Kd3 Rxh5 42. Bf2 Rd5 43. Bxd4 Rxd4+ 44. Kxd4 Kf6 0-1

[Event "DEM U10/U10w 2014"]
[Site "Magdeburg GER"]
[Date "2014.06.09"]
[Round "3"]
[White "Buchloh, Adrian"]
[Black "Kurzweil, Nalani"]
[Result "1-0"]
[Termination "normal"]
[Board "26"]
[WhiteElo "1463"]
[BlackElo "1194"]
[PlyCount "99"]
[WhiteFideId "12960675"]
[BlackFideId "12985694"]
[EventCountry "GER"]
[EventRounds "11"]
[EventType "swiss"]
[EventDate "2014.06.07"]

1. d4 d5 2. Nc3 Nc6 3. Nf3 Bf5 4. Bf4 Nf6 5. e3 e6 6. Bd3 Bxd3 7. Qxd3 Bd6 8.
Bxd6 Qxd6 9. O-O h6 10. Rfe1 g5 11. Rad1 O-O-O 12. a3 Rdg8 13. e4 dxe4 14. Nxe4
Nxe4 15. Qxe4 Qf4 16. Qxf4 gxf4 17. Re4 Rg4 18. h3 Rg6 19. Rxf4 f5 20. d5 exd5
21. Rxf5 Rhg8 22. Nh4 Rg5 23. Rfxd5 Rxd5 24. Rxd5 Re8 25. Kf1 b6 26. Nf3 Kb7
27. Nd4 a6 28. Nxc6 Kxc6 29. Rd2 Kc5 30. Re2 Rxe2 31. Kxe2 Kc4 32. f4 Kd5 33.
Ke3 c5 34. g4 b5 35. h4 a5 36. g5 h5 37. f5 Ke5 38. f6 Ke6 39. Kd3 Kf7 40. c4
b4 41. axb4 axb4 42. Ke4 Ke6 43. b3 Kd6 44. Kf5 Kd7 45. Ke5 Ke8 46. Ke6 Kf8 47.
f7 Kg7 48. Ke7 Kh7 49. f8=Q Kg6 50. Qf7# 1-0

[Event "DEM U10/U10w 2014"]
[Site "Magdeburg GER"]
[Date "2014.06.09"]
[Round "3"]
[White "Neumann, Konstantina"]
[Black "Grünwald, Max"]
[Result "0-1"]
[Termination "normal"]
[Board "27"]
[WhiteElo "1183"]
[BlackElo "1340"]
[PlyCount "130"]
[WhiteFideId "16200543"]
[BlackFideId "12992283"]
[EventCountry "GER"]
[EventRounds "11"]
[EventType "swiss"]
[EventDate "2014.06.07"]

1. e4 d5 2. exd5 Nf6 3. Nf3 Bg4 4. Bc4 Nxd5 5. d4 Nb6 6. Ne5 Nxc4 7. Nxg4 Nc6
8. d5 Nb4 9. Nc3 Qd7 10. O-O Nxc2 11. Qxc2 Qxg4 12. Re1 Nd6 13. Bd2 O-O-O 14.
Rac1 h5 15. Ne4 Rd7 16. Nc5 Rd8 17. Ne6 Rd7 18. Nxc7 Nc4 19. Re4 Rxc7 20. Rxg4
hxg4 21. Qf5+ e6 22. Qf4 Bd6 23. Qxg4 Bxh2+ 24. Kf1 Nxd2+ 25. Ke2 Rxc1 26. Kxd2
Rc7 27. dxe6 Rd8+ 28. Ke2 Re7 29. Qc4+ Bc7 30. Qg4 Rxe6+ 31. Kf1 f5 32. Qf3 Ba5
33. g3 Re1+ 34. Kg2 Rdd1 35. Qxf5+ Kb8 36. Qxa5 Rg1+ 37. Kh2 Rh1+ 38. Kg2 Rhg1+
39. Kf3 Rd3+ 40. Kf4 Re1 41. f3 Ree3 42. Qh5 Rxf3+ 43. Qxf3 Rxf3+ 44. Kxf3 Kc7
45. Kf4 Kd6 46. Kf5 Ke7 47. Kg6 Kf8 48. Kh7 Kf7 49. g4 Kf6 50. g5+ Kxg5 51.
Kxg7 Kf4 52. Kf6 Ke3 53. Ke5 Kd2 54. Kd5 Kc2 55. b4 Kb2 56. b5 Ka3 57. Kc5 b6+
58. Kc6 Ka4 59. a3 Kxa3 60. Kb7 Kb4 61. Kc6 Ka5 62. Kb7 Kxb5 63. Kxa7 Kc5 64.
Ka6 b5 65. Ka5 Kc4 0-1

[Event "DEM U10/U10w 2014"]
[Site "Magdeburg GER"]
[Date "2014.06.09"]
[Round "3"]
[White "Bardorz, Jana"]
[Black "Pantsernaya, Sofya"]
[Result "1-0"]
[Termination "normal"]
[Board "28"]
[WhiteElo "1175"]
[BlackElo "1320"]
[PlyCount "93"]
[WhiteFideId "16208897"]
[BlackFideId "12993182"]
[EventCountry "GER"]
[EventRounds "11"]
[EventType "swiss"]
[EventDate "2014.06.07"]

1. e4 d5 2. exd5 Nf6 3. d4 Nxd5 4. c4 Nf6 5. Nf3 Bg4 6. Be2 e6 7. O-O Be7 8.
Nc3 O-O 9. Bf4 Re8 10. h3 Bh5 11. Re1 Nbd7 12. Ne5 Bxe2 13. Rxe2 Nb6 14. Nf3
Nxc4 15. b3 Nb6 16. Rc1 Rc8 17. Nb5 Bd6 18. Bxd6 cxd6 19. Rxc8 Nxc8 20. Rc2 Re7
21. Qc1 Nb6 22. Nxa7 Nfd5 23. Nc8 Rc7 24. Rxc7 Nxc7 25. Nxb6 d5 26. a4 h6 27.
Ne5 Kh7 28. Nxf7 Qe7 29. Ne5 Na6 30. Qc2+ Kg8 31. Ned7 Qb4 32. Qc8+ Kf7 33.
Qxb7 Qe1+ 34. Kh2 Qe2 35. Nc5+ Kf6 36. Qxa6 Qxf2 37. Nbd7+ Kg6 38. Qxe6+ Kh7
39. Qg4 Qf7 40. a5 h5 41. Qf3 Qg6 42. Nf8+ Kg8 43. Nxg6 h4 44. Qf8+ Kh7 45.
Nxh4 g5 46. Qf7+ Kh6 47. Qg6# 1-0

[Event "DEM U10/U10w 2014"]
[Site "Magdeburg GER"]
[Date "2014.06.09"]
[Round "3"]
[White "Taras, Simon"]
[Black "Stockmann, Till"]
[Result "0-1"]
[Termination "normal"]
[Board "29"]
[WhiteElo "1319"]
[BlackElo "1162"]
[PlyCount "42"]
[WhiteFideId "12970972"]
[BlackFideId "12979341"]
[EventCountry "GER"]
[EventRounds "11"]
[EventType "swiss"]
[EventDate "2014.06.07"]

1. Nf3 Nc6 2. c4 e5 3. d3 Nf6 4. Bg5 Bb4+ 5. Nbd2 d6 6. g3 Bg4 7. Bg2 Qd7 8.
O-O h6 9. Bxf6 gxf6 10. Qb3 O-O-O 11. Ne4 Qe6 12. a3 Ba5 13. Qc2 f5 14. Nc3 f4
15. b4 Bb6 16. Kh1 h5 17. b5 Nd4 18. Nxd4 Bxd4 19. Ra2 h4 20. f3 hxg3 21. h3
Bxh3 0-1

[Event "DEM U10/U10w 2014"]
[Site "Magdeburg GER"]
[Date "2014.06.09"]
[Round "3"]
[White "Gericke, Luis"]
[Black "Rößl, Adam"]
[Result "1-0"]
[Termination "normal"]
[Board "30"]
[WhiteElo "1161"]
[BlackElo "1310"]
[PlyCount "99"]
[WhiteFideId "16212525"]
[BlackFideId "16246047"]
[EventCountry "GER"]
[EventRounds "11"]
[EventType "swiss"]
[EventDate "2014.06.07"]

1. e4 e5 2. Nf3 Nc6 3. Bb5 a6 4. Bxc6 dxc6 5. O-O Bg4 6. Nc3 Nf6 7. h3 Bh5 8.
d3 h6 9. Be3 Bb4 10. Re1 O-O 11. a3 Bxc3 12. bxc3 Nh7 13. Rb1 b6 14. d4 f6 15.
dxe5 fxe5 16. Qxd8 Raxd8 17. Nxe5 c5 18. g4 Bf7 19. Nxf7 Rxf7 20. Rbd1 Rff8 21.
Rxd8 Rxd8 22. Bf4 c6 23. Bc7 Re8 24. Bxb6 c4 25. f3 Ng5 26. Kg2 Ne6 27. Be3 g5
28. Rd1 Nf4+ 29. Bxf4 gxf4 30. Rd6 Rb8 31. Rxc6 Rb2 32. Rc8+ Kf7 33. Rc7+ Ke6
34. Rc6+ Kd7 35. Rxc4 Rxc2+ 36. Kf1 a5 37. Rd4+ Ke6 38. Ra4 Rxc3 39. Ke2 Rc5
40. Kd3 Rb5 41. Kc4 Rb2 42. Rxa5 Kf7 43. Rb5 Rf2 44. Rf5+ Kg6 45. Rxf4 Rh2 46.
a4 Rxh3 47. a5 h5 48. gxh5+ Rxh5 49. Kb4 Kg5 50. Rf5+ 1-0

[Event "DEM U10/U10w 2014"]
[Site "Magdeburg GER"]
[Date "2014.06.09"]
[Round "3"]
[White "Schade, Johannes"]
[Black "Basovskiy, Jana"]
[Result "1-0"]
[Termination "normal"]
[Board "31"]
[WhiteElo "1304"]
[BlackElo "1157"]
[PlyCount "47"]
[WhiteFideId "12958581"]
[BlackFideId "16208617"]
[EventCountry "GER"]
[EventRounds "11"]
[EventType "swiss"]
[EventDate "2014.06.07"]

1. d4 d5 2. c4 e6 3. Nc3 Nf6 4. Nf3 Nbd7 5. Bg5 Bb4 6. a3 Ba5 7. b4 Bb6 8. c5
h6 9. Bf4 Ne4 10. Nxe4 dxe4 11. Ne5 Nxe5 12. Bxe5 f6 13. Bg3 Bd7 14. e3 c6 15.
cxb6 Qxb6 16. Qc2 f5 17. Qc5 Qxc5 18. dxc5 O-O 19. Bc4 Rad8 20. Rd1 Kh8 21. Bc7
Rde8 22. Rxd7 Kh7 23. Be5 Rg8 24. Rxb7 1-0

[Event "DEM U10/U10w 2014"]
[Site "Magdeburg GER"]
[Date "2014.06.09"]
[Round "3"]
[White "Doan, Lam Phuc"]
[Black "Meinschien, Finn"]
[Result "1/2-1/2"]
[Termination "normal"]
[Board "32"]
[WhiteElo "1145"]
[BlackElo "1300"]
[PlyCount "93"]
[BlackFideId "12989665"]
[EventCountry "GER"]
[EventRounds "11"]
[EventType "swiss"]
[EventDate "2014.06.07"]

1. e4 e5 2. Nf3 Nc6 3. Nc3 Nf6 4. d3 Bc5 5. Nxe5 Nxe5 6. d4 Bd6 7. dxe5 Bxe5 8.
Bd3 Bd4 9. O-O d6 10. Be3 Bb6 11. Nd5 Nxd5 12. exd5 O-O 13. Re1 Bxe3 14. Rxe3
b6 15. c4 Qf6 16. Qe2 Bd7 17. Re1 g6 18. b3 Rae8 19. Re7 Rxe7 20. Qxe7 Qxe7 21.
Rxe7 Rd8 22. Kf1 Kf8 23. Re3 Re8 24. Ke2 Rxe3+ 25. Kxe3 Ke7 26. Kf4 Kf6 27. h4
h6 28. Ke3 Bf5 29. Be4 Bxe4 30. Kxe4 Kg7 31. g4 f6 32. h5 f5+ 33. gxf5 gxh5 34.
Kf4 Kf6 35. f3 a5 36. Kg3 Kxf5 37. Kh4 Kf4 38. Kxh5 Kxf3 39. Kxh6 Ke3 40. Kg6
Kd3 41. Kf6 Kc3 42. Ke7 Kb2 43. Kd7 Kxa2 44. Kxc7 Kxb3 45. Kxd6 a4 46. Kc6 a3
47. d6 1/2-1/2

[Event "DEM U10/U10w 2014"]
[Site "Magdeburg GER"]
[Date "2014.06.09"]
[Round "3"]
[White "Mimkes, Pavel"]
[Black "Sinnhöfer, Lilian"]
[Result "1-0"]
[Termination "normal"]
[Board "33"]
[WhiteElo "1271"]
[BlackElo "1128"]
[PlyCount "113"]
[WhiteFideId "12990833"]
[BlackFideId "12977586"]
[EventCountry "GER"]
[EventRounds "11"]
[EventType "swiss"]
[EventDate "2014.06.07"]

1. e4 e5 2. Nf3 Nc6 3. Bb5 d6 4. d4 Qe7 5. d5 a6 6. Ba4 b5 7. Bb3 Nd4 8. Nxd4
exd4 9. Qxd4 Nf6 10. O-O Qd8 11. Re1 Be7 12. e5 dxe5 13. Qxe5 Bb7 14. Bg5 Qd6
15. Bxf6 Qxf6 16. Qxc7 O-O 17. Qxe7 Qxe7 18. Rxe7 Rfe8 19. Rxe8+ Rxe8 20. Nc3
Bc8 21. f3 Bd7 22. Kf2 a5 23. a4 bxa4 24. Bxa4 Bxa4 25. Rxa4 Ra8 26. b4 Rc8 27.
Rxa5 f6 28. Rc5 Rb8 29. d6 Kf7 30. Rc7+ Ke6 31. d7 Rd8 32. b5 Kd6 33. b6 Rxd7
34. Rxd7+ Kxd7 35. Ke3 Kc6 36. Nd5 f5 37. c4 g6 38. c5 h6 39. Kf4 Kb7 40. Ne7
g5+ 41. Kxf5 Kb8 42. c6 Ka8 43. c7 Kb7 44. c8=Q+ Kxb6 45. Ke5 h5 46. Kd6 g4 47.
Qc7+ Kb5 48. fxg4 hxg4 49. g3 Kb4 50. Qc6 Kb3 51. Qc5 Kb2 52. Qc4 Ka1 53. Qb4
Ka2 54. Kd5 Ka1 55. Kc4 Ka2 56. Kc3 Ka1 57. Qb2# 1-0

[Event "DEM U10/U10w 2014"]
[Site "Magdeburg GER"]
[Date "2014.06.09"]
[Round "3"]
[White "Pflugradt, Natalie"]
[Black "Schnabel, Luise"]
[Result "1/2-1/2"]
[Termination "normal"]
[Board "34"]
[WhiteElo "1127"]
[BlackElo "1369"]
[PlyCount "148"]
[WhiteFideId "16212444"]
[BlackFideId "12943347"]
[EventCountry "GER"]
[EventRounds "11"]
[EventType "swiss"]
[EventDate "2014.06.07"]

1. e4 e5 2. Nf3 Nc6 3. Bc4 Nf6 4. d3 Bc5 5. Nc3 d6 6. h3 Be6 7. Bb3 Qe7 8. Be3
Bb6 9. Qd2 h6 10. O-O-O O-O-O 11. Bxe6+ fxe6 12. d4 exd4 13. Nxd4 Nxd4 14. Bxd4
Bxd4 15. Qxd4 Kb8 16. Nb5 b6 17. Rd3 e5 18. Qc4 Rhf8 19. Rc3 Rc8 20. Rd1 Qf7
21. Qxf7 Rxf7 22. f3 a6 23. Na3 Nh5 24. Kb1 Nf4 25. Rd2 b5 26. Rb3 Ka7 27. c4
bxc4 28. Nxc4 Rb8 29. Ra3 g5 30. Na5 Rb6 31. Rc2 Ne6 32. Rc6 Nc5 33. Rxb6 Kxb6
34. Nc4+ Ka7 35. b4 Ne6 36. b5 Nc5 37. bxa6 Rf8 38. Kc2 Ra8 39. Ra5 Kb8 40. a4
Rxa6 41. Rxa6 Nxa6 42. Kb3 Kb7 43. Nb2 Nc5+ 44. Kb4 Ka6 45. a5 h5 46. Nc4 g4
47. hxg4 hxg4 48. Ne3 gxf3 49. gxf3 Nd3+ 50. Ka4 Ne1 51. Nd5 c5 52. Nc7+ Kb7
53. Nb5 Nxf3 54. Nxd6+ Ka6 55. Nc4 Ng5 56. Nxe5 Nxe4 57. Nc4 Nc3+ 58. Kb3 Nb5
59. Ka4 Nc7 60. Na3 Ne6 61. Nc4 Nd8 62. Kb3 Nb7 63. Kc3 Nxa5 64. Nxa5 Kxa5 65.
Kc4 Kb6 66. Kc3 Kb5 67. Kb3 c4+ 68. Kc3 Kc5 69. Kc2 Kd4 70. Kd2 c3+ 71. Kc2 Kc4
72. Kc1 Kb3 73. Kb1 c2+ 74. Kc1 Kc3 1/2-1/2

[Event "DEM U10/U10w 2014"]
[Site "Magdeburg GER"]
[Date "2014.06.09"]
[Round "3"]
[White "Heutling, Elina"]
[Black "Prieb, Robert"]
[Result "0-1"]
[Termination "normal"]
[Board "35"]
[WhiteElo "962"]
[BlackElo "1260"]
[PlyCount "50"]
[WhiteFideId "16244729"]
[BlackFideId "16212002"]
[EventCountry "GER"]
[EventRounds "11"]
[EventType "swiss"]
[EventDate "2014.06.07"]

1. e4 e6 2. d4 d5 3. exd5 exd5 4. Bd3 Bd6 5. Nf3 Nf6 6. O-O h6 7. Nbd2 O-O 8.
Re1 Nc6 9. Nf1 Bg4 10. Ng3 Nxd4 11. h3 Nxf3+ 12. gxf3 Bxh3 13. c3 Re8 14. Rxe8+
Qxe8 15. Bxh6 gxh6 16. Qd2 Kg7 17. Re1 Qd7 18. Bc2 Re8 19. Re3 Bf4 20. Qd3 Rxe3
21. fxe3 Bxg3 22. Qd4 Qc6 23. Qxa7 Qb6 24. Qb8 Qxe3+ 25. Kh1 Qe1# 0-1

[Event "DEM U10/U10w 2014"]
[Site "Magdeburg GER"]
[Date "2014.06.09"]
[Round "3"]
[White "Ewerhardy, Moritz"]
[Black "Memtimin, Esma"]
[Result "0-1"]
[Termination "normal"]
[Board "36"]
[WhiteElo "1190"]
[BlackElo "1002"]
[PlyCount "82"]
[WhiteFideId "36052086"]
[BlackFideId "12993514"]
[EventCountry "GER"]
[EventRounds "11"]
[EventType "swiss"]
[EventDate "2014.06.07"]

1. e4 e6 2. d4 d5 3. e5 c5 4. c3 Nc6 5. Nf3 Qb6 6. Bd3 Bd7 7. O-O cxd4 8. cxd4
Nxd4 9. Ng5 Bc5 10. Nc3 h6 11. Qh5 hxg5 12. Qxh8 O-O-O 13. Qxg7 Ne7 14. Qxf7
Nef5 15. Qh5 Ne7 16. Qxg5 Nf3+ 17. gxf3 Rg8 18. Qxg8+ Nxg8 19. a3 a5 20. h4 a4
21. h5 Bf8 22. Kg2 Qd4 23. Bc2 Qxe5 24. Rh1 Nh6 25. Nxa4 Qg7+ 26. Kf1 Bb5+ 27.
Ke1 Qe5+ 28. Kd2 Qe2+ 29. Kc3 Qe5+ 30. Kd2 Qe2+ 31. Kc3 Qxf3+ 32. Be3 Qg4 33.
Nb6+ Kd8 34. Kd2 Bg7 35. Kc1 Qf3 36. Rg1 Ng4 37. Bd1 Qf6 38. Ra2 Nxe3 39. fxe3
Qf2 40. Rxg7 Qxe3+ 41. Kb1 Bd3+ 0-1

[Event "DEM U10/U10w 2014"]
[Site "Magdeburg GER"]
[Date "2014.06.09"]
[Round "3"]
[White "Kalina, Lena"]
[Black "Pahl, Theis"]
[Result "0-1"]
[Termination "normal"]
[Board "37"]
[WhiteElo "781"]
[BlackElo "1311"]
[PlyCount "114"]
[WhiteFideId "12988014"]
[BlackFideId "16201264"]
[EventCountry "GER"]
[EventRounds "11"]
[EventType "swiss"]
[EventDate "2014.06.07"]

1. e4 e5 2. Nf3 Nc6 3. Bc4 Nf6 4. Nc3 Nxe4 5. Nxe4 d5 6. Bxd5 Qxd5 7. Nc3 Qd8
8. d3 Be7 9. Be3 Be6 10. Qe2 Qd7 11. Nb5 a6 12. Nc3 h6 13. O-O-O O-O-O 14. Kb1
Qe8 15. d4 exd4 16. Nxd4 Nxd4 17. Bxd4 Rg8 18. Be5 Rxd1+ 19. Rxd1 Bb4 20. Ne4
Bxa2+ 21. Kxa2 Qxe5 22. Qe3 Re8 23. Qa7 c6 24. f3 Kc7 25. Re1 Bxe1 26. Qe3 Ba5
27. Qa3 Bb6 28. b4 a5 29. bxa5 Qxa5 30. Qxa5 Bxa5 31. Nc5 Ra8 32. Nb3 c5 33.
Kb2 b6 34. Nc1 c4 35. Ne2 c3+ 36. Kb3 b5 37. Nd4 Rb8 38. g4 g6 39. h4 Kd6 40.
f4 Kd5 41. Ne2 Ke4 42. f5 Rd8 43. Ng3+ Kf4 44. Ne2+ Kxg4 45. fxg6 fxg6 46. Ng1
Kxh4 47. Nf3+ Kg3 48. Ne5 h5 49. Nxg6 h4 50. Nxh4 Kxh4 51. Ka3 Rd1 52. Ka2 Kg3
53. Ka3 Kf3 54. Ka2 Ke3 55. Ka3 Kd2 56. Ka2 Kxc2 57. Ka3 Ra1# 0-1

[Event "DEM U10/U10w 2014"]
[Site "Magdeburg GER"]
[Date "2014.06.09"]
[Round "3"]
[White "Limbach, Anna-Lena"]
[Black "Diderle, Konstantin"]
[Result "0-1"]
[Termination "normal"]
[Board "38"]
[WhiteElo "1091"]
[BlackElo "1103"]
[PlyCount "106"]
[WhiteFideId "12980412"]
[BlackFideId "12965197"]
[EventCountry "GER"]
[EventRounds "11"]
[EventType "swiss"]
[EventDate "2014.06.07"]

1. e4 c5 2. f4 e6 3. Nc3 Nc6 4. Nf3 a6 5. a4 d5 6. e5 Be7 7. Be2 Bd7 8. O-O f6
9. d3 Nh6 10. Bd2 Nf5 11. Kh1 Qc7 12. exf6 Bxf6 13. Be1 Ne3 14. Qd2 Nxf1 15.
Qd1 Ne3 16. Qd2 Nf5 17. Bf2 d4 18. Ne4 Be7 19. c3 Na5 20. Qd1 Ne3 21. Bxe3 dxe3
22. Ne5 Bf6 23. Nxf6+ gxf6 24. Bh5+ Ke7 25. Nxd7 Qxd7 26. Qg4 Rhg8 27. Qf3 Qd5
28. Re1 Qxf3 29. Bxf3 Rad8 30. Rxe3 b5 31. axb5 axb5 32. h3 Rd6 33. f5 e5 34.
Re4 Rxd3 35. g4 Rxf3 36. Kg2 Rf4 37. Rxf4 exf4 38. Kf3 Kf7 39. Kxf4 Re8 40. b4
cxb4 41. cxb4 Nc6 42. h4 h6 43. g5 fxg5+ 44. hxg5 hxg5+ 45. Kxg5 Nxb4 46. f6
Nd5 47. Kf5 b4 48. Kg5 b3 49. Kf5 b2 50. Kg5 b1=Q 51. Kg4 Qe4+ 52. Kg5 Rg8+ 53.
Kh5 Qh7# 0-1

[Event "DEM U10/U10w 2014"]
[Site "Magdeburg GER"]
[Date "2014.06.09"]
[Round "3"]
[White "Nguyen, Alex Dac-Vuong"]
[Black "Eschner, Fabian"]
[Result "1-0"]
[Termination "normal"]
[Board "39"]
[WhiteElo "1812"]
[BlackElo "1018"]
[PlyCount "113"]
[WhiteFideId "12984388"]
[BlackFideId "16232860"]
[EventCountry "GER"]
[EventRounds "11"]
[EventType "swiss"]
[EventDate "2014.06.07"]

1. e4 e5 2. Nf3 Nc6 3. d4 exd4 4. Bc4 Bc5 5. c3 Nf6 6. e5 d5 7. exf6 dxc4 8.
fxg7 Rg8 9. O-O Rxg7 10. Re1+ Be6 11. cxd4 Be7 12. Bf4 Qd7 13. Nc3 O-O-O 14.
Qa4 Bf6 15. Rad1 Bd5 16. Nxd5 Qxd5 17. Bg3 h5 18. h4 a6 19. Ne5 Re8 20. Nxc6
Rxe1+ 21. Rxe1 Qxc6 22. Qxc6 bxc6 23. Be5 Rg6 24. Bxf6 Rxf6 25. g3 Rd6 26. Re4
Kd7 27. Kf1 Rd5 28. Ke2 Ra5 29. Kd2 Rxa2 30. Kc3 Ra4 31. Re5 Ra2 32. Rxh5 Ra1
33. Kxc4 Rf1 34. Rf5 Rh1 35. h5 Ke6 36. g4 f6 37. Kd3 Rg1 38. f3 Rh1 39. Ra5
Rb1 40. Rxa6 Rxb2 41. Rxc6+ Kd7 42. Rxf6 Ke7 43. Rf5 Rh2 44. Ke4 Ke6 45. d5+
Kd6 46. Rf6+ Ke7 47. Rc6 Kd7 48. h6 Kd8 49. g5 Kd7 50. Rg6 Ke8 51. Rg7 Kf8 52.
Rxc7 Kg8 53. d6 Rh1 54. Kf5 Rd1 55. g6 Rxd6 56. Rc8+ Rd8 57. Rxd8# 1-0

[Event "DEM U10/U10w 2014"]
[Site "Magdeburg GER"]
[Date "2014.06.09"]
[Round "3"]
[White "Mirschel, Thaddeus"]
[Black "Sulzbacher, Marijana"]
[Result "1-0"]
[Termination "normal"]
[Board "40"]
[WhiteElo "1094"]
[BlackElo "1016"]
[PlyCount "57"]
[WhiteFideId "16277570"]
[BlackFideId "34658181"]
[EventCountry "GER"]
[EventRounds "11"]
[EventType "swiss"]
[EventDate "2014.06.07"]

1. e4 e5 2. Nf3 Nf6 3. Nxe5 d6 4. Nf3 Nxe4 5. d4 Bg4 6. Bd3 d5 7. O-O Bxf3 8.
Qxf3 Nf6 9. Re1+ Be7 10. Nc3 Nc6 11. Be3 Nb4 12. a3 Nxd3 13. cxd3 Qd6 14. Bf4
Qc6 15. Qg3 Rc8 16. Qxg7 Rg8 17. Qh6 Qb6 18. Rab1 Qxd4 19. Rbd1 Kd8 20. Bg3 c6
21. Qf4 Qb6 22. Rxe7 Kxe7 23. Qd6+ Ke8 24. Re1+ Qe3 25. Rxe3+ Ne4 26. Nxe4 d4
27. Qe5+ Kf8 28. Nc5 dxe3 29. Nd7# 1-0